| 000 | 00468nam a2200181Ia 4500 | ||
|---|---|---|---|
| 003 | GCL | ||
| 008 | 140319s9999 xx 000 0 eng d | ||
| 040 |
_aGCL / _cGCL |
||
| 082 | 0 | 4 |
_a322.42 _bB D |
| 100 | 1 | _aBEHAR, HENRI | |
| 245 | 1 | 0 |
_aDADA: HISTOIRE D'UNE SUBVERSION / _cBEHAR, HENRI |
| 700 | 1 | _aCARASSOU, MICHEL | |
| 260 |
_a[S.N] : _bLIBRAIRE GENERALE FRANCAISE ، _c1990 |
||
| 300 | _a261 P | ||
| 650 | 0 | 4 | _aSUBVERSION |
| 650 | 0 | 4 | _aPOLICY |
| 942 |
_2ddc _cBK |
||
| 999 |
_c22697 _d22697 |
||